000 00655nam a2200217Ia 4500
005 20241129111117.0
008 241129s9999||||xx |||||||||||||| ||und||
020 _a978-1-032-66802-4
037 _aTB
040 _aCRL
_beng
_cCRL
041 _aeng
_2eng
084 _aW6.2 R3
_qCRL
100 _aS.Y. Quraishi Au.
_9723349
245 0 _aInida's experiment with democracy: the life of nation through its elections
_cS.Y. Quraishi Au.
260 _aGurugram, India
_bHarper Collins
_c2023
300 _axxx,553p.
365 _aINR
_b699
650 _aPolitical ScienceDemocracy
_9726228
942 _cTB
_hW6.2 R3
999 _c1228971
_d1228971